000 01001nam a22003017a 4500
003 CHAP
005 20220329143847.0
008 120301s2004 us r 00010 eng d
010 _a102883
011 _a103855
020 _a0471392464
035 _a114544
040 _cCHAP
082 0 4 _a715.2
_bT75y
100 1 _aTrowbridge, Peter J.
_9115337
245 1 0 _aTress in the urban landscape :
_bsite assessment design, and installation
_c/por Peter J. Trowbridge y Nina L. Bassuk
260 _aHoboken, NJ. :
_bJohn Wiley,
_cc2004
300 _axiii, 207 p. :
_bilus.
590 _aBATCH-UPD
_b10
_c20130410
_lUCH01
_h0632
590 _aBATCH-UPD
_b10
_c20130914
_lUCH01
_h0400
590 _aCONVERSION
_b10
_c20130109
_lUCH01
_h1357
650 0 4 _aÁrboles en la ciudad.
_982446
650 0 4 _aArquitectura del paisaje.
_97375
700 1 _aBassuk, Nina L.
_910735
901 _aBK
942 _cLIBRO
949 _a715.2 T75y
_bBC
_cLIBRO
_d33724002327892
_eLIBRO
_gI.260160
_h116340
_i114544
_so
_t1.215.00
999 _c102883
_d102883